00817cam a2200205 a 450000100100000000500170001000800410002702000150006804000180008308200160010110000400011724500870015726000770024430000280032165000470034965000470039691000340044395201190047799900150059600000957320200929161629.0920701s1992 pr a 001 j spa  a0865814627 aDO-SdBNPcDLC aH863bM385d1 aMartínez Tolentino, Jaime.92441110aDesde el fondo del caracol y otros cuentos taínos /cJaime Martínez-Tolentino. aSan Juan, (Puerto Rico) :bInstituto de Cultura Puertorriqueña,c1992. a159 p. :bil. ;c21 cm. 4aCuentos populares hispanoamericanos924412 4aLiteratura popular hispanoamericana924413 aCatalogación por copia / LC 001052708MOaGRbGRcCTd2009-09-30iLF1l0oH863 M385dp9573-10r2020-06-25w2020-06-25y2ZPréstamo interno c9333d9333